01241 2200217 4500001002100000005001500021035002000036245011300056100002200169300004700191260003600238082001100274084001700285020002200302650002900324520057200353008004100925990001900966990001900985990001901004INLIS00000000001515220260401123449 a0010-04260000031 aKreatif eksposur untuk objek candi :bcara mudah menghasilkan foto candi di era digital /cNofria Doni Fitri0 aNofria Doni Fitri axiv, 96 hlm.; 23 cm. :bIlustrasi berwarna aYogyakarta :bDeepublish,c2023 a771.37 a771.37 NOF k a978-623-02-7191-5 aFotografi -- Pencahayaan aEksposur adalah faktor terpenting menghasilkan foto yang indah. Pentingnya memahami eksposur agar dapat mengarahkan perhatian fotografer pada bagian-bagian penting saat memotret. Tujuan dari buku ini salah satunya adalah untuk membantu para pelajar dan penggemar fotografi dalam menentukan tingkat eksposur yang tepat dalam sebuah foto, khususnya pada objek candi. Pemahaman pengetahuan eksposur memungkinkan fotografer untuk mengenali bahwa terlepas dari kondisi lapangan, pemilihan eksposur kamera memiliki pengaruh yang signifikan terhadap hasil akhir sebuah foto.260401 c 0 ind  a025.5134/PC/25 a025.5135/PC/25 a025.5136/PC/25